[Event "Liga Madrileña - DH 2011-2012"]
[Site "Madrid ESP"]
[Date "2011.11.27"]
[Round "3.26"]
[White "Pedrajas Estepa, Manuel"]
[Black "Paredes Sanchez, Juan"]
[Result "1-0"]
[WhiteElo "2044"]
[BlackElo "2206"]
[PlyCount "149"]
[EventDate "2011.11.13"]
[EventType "team"]
[EventRounds "14"]
[EventCountry "ESP"]
[Source "lmi"]
[SourceDate "2011.11.13"]
[WhiteTeam "Leganes"]
[BlackTeam "Amigos del Retiro"]
[WhiteTeamCountry "ESP"]
[BlackTeamCountry "ESP"]

1. e4 c5 2. Nf3 d6 3. c4 Nc6 4. d4 cxd4 5. Nxd4 Nf6 6. Nc3 g6 7. Be2 Bg7 8. Be3
O-O 9. O-O Bd7 10. Nc2 Qa5 11. a3 Rfc8 12. f4 Qd8 13. b4 Ng4 14. Bxg4 Bxc3 15.
Rb1 Bxg4 16. Qxg4 Nb8 17. c5 Bg7 18. Rbd1 Qd7 19. Qxd7 Nxd7 20. e5 b6 21. exd6
exd6 22. Rxd6 Nf6 23. f5 Ng4 24. fxg6 hxg6 25. Rd7 f5 26. Rd5 Rc6 27. Bd4 Nf6
28. Bxf6 Bxf6 29. g4 fxg4 30. Ne3 bxc5 31. bxc5 Rac8 32. Nxg4 Bg7 33. Rd6 Kh7
34. Nf6+ Bxf6 35. Rfxf6 Rxc5 36. Rxg6 Rc4 37. Kg2 Rc2+ 38. Kh3 R2c3+ 39. Rg3
R8c7 40. Rd7+ Rxd7 41. Rxc3 Kg6 42. Kh4 Rd4+ 43. Kg3 Ra4 44. h3 Kh6 45. Kf3 Kg5
46. Rb3 Kf5 47. Ke3 Ke5 48. Kd3 Kd5 49. Kc2 Kc5 50. Rd3 a6 51. Kb3 Rh4 52. Rc3+
Kd5 53. Rg3 Kc5 54. Rd3 Kb5 55. Rc3 Kb6 56. Kc2 Rd4 57. Rd3 Re4 58. Kd2 Kc5 59.
Re3 Rf4 60. Ke2 Kd5 61. Rf3 Rc4 62. Kf2 Ke5 63. Kg3 a5 64. h4 a4 65. h5 Rc1 66.
Kg4 Rg1+ 67. Rg3 Rh1 68. Kg5 Ke6 69. Kg6 Ke7 70. h6 Kf8 71. h7 Rh2 72. Rg4 Rh1
73. Rf4+ Ke7 74. Rxa4 Rg1+ 75. Kh5 1-0

[Event "Liga Madrileña - DH 2011-2012"]
[Site "Madrid ESP"]
[Date "2011.11.27"]
[Round "3.31"]
[White "Anton Guijarro, David"]
[Black "Moreno Trujillo, Alejandro"]
[Result "0-1"]
[WhiteElo "2469"]
[BlackElo "2474"]
[PlyCount "86"]
[EventDate "2011.11.13"]
[EventType "team"]
[EventRounds "14"]
[EventCountry "ESP"]
[Source "lmi"]
[SourceDate "2011.11.13"]
[WhiteTeam "Virgen de Atocha"]
[BlackTeam "64 Villalba"]
[WhiteTeamCountry "ESP"]
[BlackTeamCountry "ESP"]

1. d4 d5 2. c4 c6 3. Nf3 Nf6 4. e3 Bf5 5. Nc3 e6 6. Nh4 Bg6 7. Nxg6 hxg6 8. g3
Nbd7 9. Bg2 dxc4 10. Qe2 Bd6 11. Qxc4 e5 12. O-O Nb6 13. Qe2 O-O 14. dxe5 Bxe5
15. a4 a5 16. e4 Re8 17. Be3 Nbd7 18. Rfd1 Qe7 19. Rac1 Rad8 20. f3 Nf8 21. Kh1
Qb4 22. Re1 Ne6 23. f4 Nd4 24. Bxd4 Bxd4 25. e5 Bb6 26. Rcd1 Nd7 27. Ne4 Bc7
28. Qg4 Nf8 29. h3 Rxd1 30. Qxd1 Rd8 31. Qe2 Qxa4 32. Rf1 Ne6 33. Qg4 Qb3 34.
f5 Nf8 35. e6 Re8 36. Qg5 Nh7 37. Qd2 gxf5 38. Nc5 Qxg3 39. exf7+ Kxf7 40. Kg1
Qh2+ 41. Kf2 Nf6 42. Qg5 Bb6 43. Qxf5 Qe5 0-1

[Event "Liga Madrileña - DH 2011-2012"]
[Site "Madrid ESP"]
[Date "2011.11.27"]
[Round "3.32"]
[White "Moreno Tejera, Emilio"]
[Black "Almagro Llamas, Pablo"]
[Result "1/2-1/2"]
[WhiteElo "2319"]
[BlackElo "2461"]
[PlyCount "57"]
[EventDate "2011.11.13"]
[EventType "team"]
[EventRounds "14"]
[EventCountry "ESP"]
[Source "lmi"]
[SourceDate "2011.11.13"]
[WhiteTeam "64 Villalba"]
[BlackTeam "Virgen de Atocha"]
[WhiteTeamCountry "ESP"]
[BlackTeamCountry "ESP"]

1. e4 c6 2. d4 d5 3. e5 Bf5 4. Nf3 e6 5. Be2 Nd7 6. O-O h6 7. b3 Ne7 8. c4 Nc8
9. Nc3 Be7 10. Bb2 O-O 11. cxd5 cxd5 12. Bd3 Bxd3 13. Qxd3 a6 14. Rfe1 Na7 15.
Rac1 Qa5 16. a3 Rfc8 17. Nb1 Qb5 18. Qxb5 axb5 19. Rxc8+ Rxc8 20. Kf1 Rc6 21.
Rc1 f6 22. Rxc6 bxc6 23. exf6 gxf6 24. a4 bxa4 25. bxa4 Nb6 26. a5 Nc4 27. Bc3
Kf7 28. Nbd2 Nd6 29. Nb3 1/2-1/2

[Event "Liga Madrileña - DH 2011-2012"]
[Site "Madrid ESP"]
[Date "2011.11.27"]
[Round "3.33"]
[White "Rubio Mejia, Luis Ignacio"]
[Black "Renteria Becerra, Jorge Elicer"]
[Result "1/2-1/2"]
[WhiteElo "2439"]
[BlackElo "2328"]
[PlyCount "45"]
[EventDate "2011.11.13"]
[EventType "team"]
[EventRounds "14"]
[EventCountry "ESP"]
[Source "lmi"]
[SourceDate "2011.11.13"]
[WhiteTeam "Virgen de Atocha"]
[BlackTeam "64 Villalba"]
[WhiteTeamCountry "ESP"]
[BlackTeamCountry "ESP"]

1. Nf3 d5 2. d4 e6 3. c4 Be7 4. Nc3 Nf6 5. Bg5 h6 6. Bh4 O-O 7. e3 Ne4 8. Bxe7
Qxe7 9. Rc1 c6 10. Be2 Nxc3 11. Rxc3 dxc4 12. Bxc4 Nd7 13. O-O e5 14. Bb3 exd4
15. exd4 Nf6 16. Re1 Qd6 17. Ne5 Nd5 18. Rg3 Be6 19. Qh5 Qb4 20. Nf3 Qd6 21.
Ne5 Qb4 22. Nf3 Qd6 23. Ne5 1/2-1/2

[Event "Liga Madrileña - DH 2011-2012"]
[Site "Madrid ESP"]
[Date "2011.11.27"]
[Round "3.34"]
[White "Bolado Saez, Sergio"]
[Black "Martinez Martin, David"]
[Result "1-0"]
[WhiteElo "2361"]
[BlackElo "2395"]
[PlyCount "57"]
[EventDate "2011.11.13"]
[EventType "team"]
[EventRounds "14"]
[EventCountry "ESP"]
[Source "lmi"]
[SourceDate "2011.11.13"]
[WhiteTeam "64 Villalba"]
[BlackTeam "Virgen de Atocha"]
[WhiteTeamCountry "ESP"]
[BlackTeamCountry "ESP"]

1. d4 Nf6 2. Nf3 e6 3. c4 d5 4. g3 dxc4 5. Bg2 Bb4+ 6. Nc3 Nd5 7. Qc2 c5 8. e4
Nb6 9. a3 Bxc3+ 10. bxc3 cxd4 11. cxd4 Bd7 12. a4 a5 13. Ne5 Nc6 14. Nxc6 Bxc6
15. Bb2 O-O 16. O-O Qd7 17. d5 exd5 18. Bd4 Ra6 19. Rfb1 Bxa4 20. Qc3 Bb3 21.
Bxg7 Rd8 22. Bf6 Na4 23. Qe5 Rxf6 24. Qxf6 d4 25. Bh3 Qc7 26. e5 Nc5 27. Bf5
Nd7 28. Qe7 d3 29. e6 1-0

[Event "Liga Madrileña - DH 2011-2012"]
[Site "Madrid ESP"]
[Date "2011.11.27"]
[Round "3.35"]
[White "Vazquez Torres, Adrian"]
[Black "Gongora Montes, Benjamin"]
[Result "0-1"]
[WhiteElo "2145"]
[BlackElo "2217"]
[PlyCount "118"]
[EventDate "2011.11.13"]
[EventType "team"]
[EventRounds "14"]
[EventCountry "ESP"]
[Source "lmi"]
[SourceDate "2011.11.13"]
[WhiteTeam "Virgen de Atocha"]
[BlackTeam "64 Villalba"]
[WhiteTeamCountry "ESP"]
[BlackTeamCountry "ESP"]

1. e4 e6 2. d3 d5 3. Nd2 Nf6 4. Ngf3 b6 5. c3 Be7 6. Qc2 c5 7. g3 dxe4 8. dxe4
O-O 9. Bg2 Ba6 10. c4 Nc6 11. O-O Nb4 12. Qc3 Nd3 13. e5 Nxc1 14. Raxc1 Nd7 15.
Ne4 Qc7 16. Rcd1 Rad8 17. h4 Bb7 18. Rde1 Bc6 19. Qc2 Bxe4 20. Qxe4 Nb8 21. Qg4
Nc6 22. Re4 Rd3 23. Rfe1 Rfd8 24. Qh5 Rd1 25. Rxd1 Rxd1+ 26. Kh2 g6 27. Qh6 Bf8
28. Qf4 Bg7 29. h5 Qd7 30. hxg6 hxg6 31. Qh4 Nd4 32. Ng5 Nf5 33. Qg4 Rd2 34.
Re2 Qd4 35. Qxd4 Rxd4 36. b3 Rd1 37. f4 Nd4 38. Rf2 Rd3 39. Ne4 Nf5 40. Rd2
Rxd2 41. Nxd2 g5 42. Ne4 gxf4 43. gxf4 Bh6 44. Nf6+ Kg7 45. Nh5+ Kg6 46. Bf3
Ng7 47. Nxg7 Bxf4+ 48. Kh3 Kxg7 49. Kg4 Bxe5 50. Bb7 f5+ 51. Kf3 Kf6 52. Bc6
Bb2 53. Ke3 e5 54. Bb7 e4 55. Ke2 Ke5 56. Ke3 f4+ 57. Kf2 f3 58. Kg3 Bc3 59.
Kf2 Kf4 0-1

[Event "Liga Madrileña - DH 2011-2012"]
[Site "Madrid ESP"]
[Date "2011.11.27"]
[Round "3.36"]
[White "Bermejo Arruego, Luis"]
[Black "Suarez Triguero, Jose Alfonso"]
[Result "1-0"]
[WhiteElo "2171"]
[BlackElo "2083"]
[PlyCount "99"]
[EventDate "2011.11.13"]
[EventType "team"]
[EventRounds "14"]
[EventCountry "ESP"]
[Source "lmi"]
[SourceDate "2011.11.13"]
[WhiteTeam "64 Villalba"]
[BlackTeam "Virgen de Atocha"]
[WhiteTeamCountry "ESP"]
[BlackTeamCountry "ESP"]

1. e4 e6 2. d4 d5 3. e5 c5 4. c3 Nc6 5. Nf3 Qb6 6. Be2 Bd7 7. O-O c4 8. b3 Na5
9. Nbd2 Rc8 10. bxc4 Nxc4 11. Nxc4 dxc4 12. Nd2 Qc7 13. Nxc4 b5 14. Ne3 Qxc3
15. Rb1 Ba3 16. d5 Bxc1 17. dxe6 fxe6 18. Rxc1 Qxe5 19. Rxc8+ Bxc8 20. Qc1 Ne7
21. Qa3 a6 22. f4 Qc7 23. Qb3 O-O 24. f5 Qe5 25. Bg4 Nd5 26. Re1 Nxe3 27. Rxe3
Qd5 28. fxe6 Qxb3 29. axb3 Re8 30. b4 Kf8 31. Kf2 Ke7 32. Kg3 Rd8 33. Re4 Rd6
34. Kf4 Bxe6 35. Ke5 Rd5+ 36. Kf4 Rd6 37. Ke5 Rc6 38. Be2 Bf7 39. Bg4 Rc4 40.
Rxc4 bxc4 41. Kd4 Kd6 42. Bc8 Bd5 43. g3 a5 44. bxa5 c3 45. Kxc3 Kc5 46. a6 Kb6
47. Kd4 Bf3 48. Ke5 Kc7 49. Bb7 Bg4 50. Be4 1-0

[Event "Liga Madrileña - DH 2011-2012"]
[Site "Madrid ESP"]
[Date "2011.11.27"]
[Round "3.41"]
[White "Vazquez Igarza, Renier"]
[Black "Candela Perez, Jose"]
[Result "1-0"]
[WhiteElo "2566"]
[BlackElo "2424"]
[PlyCount "129"]
[EventDate "2011.11.13"]
[EventType "team"]
[EventRounds "14"]
[EventCountry "ESP"]
[Source "lmi"]
[SourceDate "2011.11.13"]
[WhiteTeam "Collado Villalba"]
[BlackTeam "La Casa del Ajedrez"]
[WhiteTeamCountry "ESP"]
[BlackTeamCountry "ESP"]

1. d4 Nf6 2. c4 g6 3. Nc3 Bg7 4. e4 O-O 5. Nf3 d6 6. Be2 e5 7. Be3 c6 8. d5
cxd5 9. cxd5 Na6 10. Nd2 Ne8 11. O-O Nac7 12. a4 f5 13. f3 Bf6 14. exf5 gxf5
15. Kh1 Kh8 16. Nc4 Qe7 17. f4 e4 18. a5 Bg7 19. Bd4 Bxd4 20. Qxd4+ Qf6 21.
Qxf6+ Rxf6 22. Ne3 Bd7 23. g4 Ng7 24. Rac1 Re8 25. h3 h5 26. g5 Rff8 27. Kg2
Rc8 28. Kf2 Rfd8 29. Nc4 Nce8 30. Na3 Nc7 31. Ke3 h4 32. Kd4 Kg8 33. b4 a6 34.
Rc2 Kf8 35. Rfc1 Na8 36. Nc4 Ke7 37. Nd1 Ba4 38. Rc3 Bxd1 39. Bxd1 Nc7 40. Na3
Nge6+ 41. dxe6 Nxe6+ 42. Ke3 Rxc3+ 43. Rxc3 d5 44. Rc1 d4+ 45. Kf2 Nxf4 46.
Rc7+ Rd7 47. Rxd7+ Kxd7 48. g6 Nxg6 49. Nc2 d3 50. Nd4 f4 51. Bh5 Ne5 52. Nf5
e3+ 53. Ke1 f3 54. Nxe3 Ke6 55. Kf2 d2 56. Bxf3 Nd3+ 57. Ke2 Nxb4 58. Bxb7 Kd6
59. Kxd2 Kc5 60. Ng2 Kb5 61. Nxh4 Kxa5 62. Kc3 Kb5 63. Nf5 Kc5 64. h4 Na2+ 65.
Kd2 1-0

[Event "Liga Madrileña - DH 2011-2012"]
[Site "Madrid ESP"]
[Date "2011.11.27"]
[Round "3.42"]
[White "Gallego Jimenez, Victoriano"]
[Black "Moreno Ruiz, Javier"]
[Result "0-1"]
[WhiteElo "2390"]
[BlackElo "2513"]
[PlyCount "74"]
[EventDate "2011.11.13"]
[EventType "team"]
[EventRounds "14"]
[EventCountry "ESP"]
[Source "lmi"]
[SourceDate "2011.11.13"]
[WhiteTeam "La Casa del Ajedrez"]
[BlackTeam "Collado Villalba"]
[WhiteTeamCountry "ESP"]
[BlackTeamCountry "ESP"]

1. d4 Nf6 2. c4 e6 3. Nf3 d5 4. Nc3 Bb4 5. Bg5 Nbd7 6. cxd5 exd5 7. e3 c5 8.
Bb5 Qa5 9. Bxd7+ Nxd7 10. O-O c4 11. Qc2 O-O 12. Nd2 Re8 13. Rae1 Nb6 14. f3
Bd7 15. Bh4 Bxc3 16. bxc3 Na4 17. Nb1 f5 18. Bg3 g6 19. Bd6 Bc6 20. h3 Re6 21.
Bb4 Qd8 22. g4 Qh4 23. gxf5 Qg3+ 24. Qg2 Qxg2+ 25. Kxg2 gxf5 26. Ba3 Rae8 27.
Kf2 Kf7 28. Rg1 a5 29. Rg5 Kf6 30. Rh5 Kg6 31. Rh4 h6 32. Bc1 Kh7 33. Rg1 Bd7
34. Rf4 Rb6 35. Bd2 Nb2 36. Rh4 Nd3+ 37. Ke2 f4 0-1

[Event "Liga Madrileña - DH 2011-2012"]
[Site "Madrid ESP"]
[Date "2011.11.27"]
[Round "3.43"]
[White "Reyes Larenas, Juan"]
[Black "Rojo Huerta, Gabriel"]
[Result "1/2-1/2"]
[WhiteElo "2437"]
[BlackElo "2355"]
[PlyCount "77"]
[EventDate "2011.11.13"]
[EventType "team"]
[EventRounds "14"]
[EventCountry "ESP"]
[Source "lmi"]
[SourceDate "2011.11.13"]
[WhiteTeam "Collado Villalba"]
[BlackTeam "La Casa del Ajedrez"]
[WhiteTeamCountry "ESP"]
[BlackTeamCountry "ESP"]

1. e4 c5 2. Nf3 d6 3. c3 Nf6 4. h3 Nc6 5. Bd3 g6 6. O-O Bg7 7. Bc2 e5 8. d4
cxd4 9. cxd4 O-O 10. d5 Nb4 11. Nc3 Nxc2 12. Qxc2 Bd7 13. a4 Nh5 14. Qb3 b6 15.
Qb4 Qe7 16. a5 Rab8 17. axb6 Rxb6 18. Qa3 Rb7 19. Qa6 Rfb8 20. Bg5 Bf6 21. Bc1
Nf4 22. Re1 Qf8 23. Bxf4 exf4 24. e5 Bxe5 25. Nxe5 dxe5 26. Rxe5 Rxb2 27. Qxa7
Bf5 28. Rae1 R8b7 29. Qa5 Qd6 30. Re8+ Kg7 31. Qa1 Qf6 32. Nd1 R2b6 33. Qa8 Kh6
34. Rg8 Kg5 35. Rh8 Kh6 36. Qf8+ Qg7 37. Qd8 Qf6 38. Qf8+ Qg7 39. Qd8 1/2-1/2

[Event "Liga Madrileña - DH 2011-2012"]
[Site "Madrid ESP"]
[Date "2011.11.27"]
[Round "3.44"]
[White "Elguezabal Varela, Daniel"]
[Black "Taboas Rodriguez, Daniel"]
[Result "1-0"]
[WhiteElo "2352"]
[BlackElo "2418"]
[PlyCount "155"]
[EventDate "2011.11.13"]
[EventType "team"]
[EventRounds "14"]
[EventCountry "ESP"]
[Source "lmi"]
[SourceDate "2011.11.13"]
[WhiteTeam "La Casa del Ajedrez"]
[BlackTeam "Collado Villalba"]
[WhiteTeamCountry "ESP"]
[BlackTeamCountry "ESP"]

1. c4 Nf6 2. Nc3 g6 3. g3 Bg7 4. Bg2 O-O 5. e4 c5 6. Nge2 Nc6 7. d3 d6 8. O-O
Bg4 9. f3 Bd7 10. Be3 a6 11. a3 b5 12. cxb5 axb5 13. Nxb5 Qb6 14. a4 Na7 15.
Nxa7 Rxa7 16. b3 Rb8 17. Rb1 Qb4 18. d4 Be6 19. dxc5 dxc5 20. Qc1 Nd7 21. Bd2
Qb6 22. a5 Qa6 23. Nf4 Bxb3 24. Bc3 Qc4 25. Bxg7 Qxc1 26. Rfxc1 Kxg7 27. Ra1
Rba8 28. Ra3 c4 29. Rca1 Ne5 30. Nd5 Nc6 31. a6 e6 32. Ne3 Nd4 33. e5 c3 34.
Kf2 c2 35. Bf1 Rc8 36. Rc1 g5 37. Bd3 Rc6 38. Nf1 Bd5 39. Nd2 f5 40. Ke3 Nb3
41. Nxb3 Rc3 42. Rxc2 Rxb3 43. Rxb3 Bxb3 44. Rc6 Bd5 45. Rd6 f4+ 46. gxf4 gxf4+
47. Kxf4 Rf7+ 48. Ke3 Rxf3+ 49. Kd4 Kh6 50. Rd7 Rf4+ 51. Kc5 Rf3 52. Rxh7+ Kg5
53. Rg7+ Kh6 54. Rg6+ Kh5 55. Rg3 Rf2 56. Rg7 Rd2 57. Bb5 Rc2+ 58. Kd6 Rb2 59.
Be8+ Kh6 60. Rg6+ Kh7 61. Ke7 Rxh2 62. Rg4 Rc2 63. Rh4+ Kg7 64. Rh5 Re2 65. Bf7
Rc2 66. Rg5+ Kh6 67. Rg6+ Kh7 68. Rg3 Kh6 69. a7 Ra2 70. Bxe6 Rxa7+ 71. Kf6
Bxe6 72. Kxe6 Kh7 73. Kf6 Kh8 74. e6 Rg7 75. Rh3+ Kg8 76. e7 Rg6+ 77. Kf5 Rf6+
78. Ke5 1-0

[Event "Liga Madrileña - DH 2011-2012"]
[Site "Madrid ESP"]
[Date "2011.11.27"]
[Round "3.45"]
[White "Cao Armillas, Jesus"]
[Black "Suarez Uriel, Adrian"]
[Result "1-0"]
[WhiteElo "2174"]
[BlackElo "2238"]
[PlyCount "147"]
[EventDate "2011.11.13"]
[EventType "team"]
[EventRounds "14"]
[EventCountry "ESP"]
[Source "lmi"]
[SourceDate "2011.11.13"]
[WhiteTeam "Collado Villalba"]
[BlackTeam "La Casa del Ajedrez"]
[WhiteTeamCountry "ESP"]
[BlackTeamCountry "ESP"]

1. d4 Nf6 2. c4 g6 3. Nc3 d5 4. Nf3 Bg7 5. Qb3 dxc4 6. Qxc4 O-O 7. e4 a6 8. Be2
b5 9. Qb3 Bb7 10. e5 Nfd7 11. e6 fxe6 12. Be3 Rf6 13. a4 Nb6 14. axb5 axb5 15.
Rxa8 Bxa8 16. O-O Bd5 17. Qxb5 Rf5 18. Nxd5 Rxd5 19. Qb3 Nc6 20. Rc1 Nxd4 21.
Nxd4 Bxd4 22. Bxd4 Rxd4 23. Qxe6+ Kg7 24. Qe5+ Kf7 25. Rxc7 Rd5 26. Qf4+ Rf5
27. Qc1 Nd5 28. Rc6 Kg7 29. Bf3 Nf4 30. Qc3+ Kh6 31. Qe3 Kg7 32. Kf1 Qd7 33.
Qc3+ Kh6 34. Bg4 Qd5 35. Bf3 Qb5+ 36. Rc4 Nd5 37. Bxd5 Qxd5 38. Qe3+ g5 39. Rd4
Qb5+ 40. Qe2 Qc5 41. Qd2 Re5 42. h4 Kg7 43. hxg5 Rxg5 44. Re4 Kf7 45. Qe3 Qxe3
46. Rxe3 Rb5 47. b3 Ra5 48. Ke2 Ra2+ 49. Kf3 Kf6 50. Re2 Ra5 51. Rb2 Kf5 52. b4
Rb5 53. Ke3 Ke5 54. Kd3 Kd5 55. Kc3 Kc6 56. Re2 Kd6 57. Kc4 Rg5 58. f3 h5 59.
Ra2 Kc6 60. Ra6+ Kb7 61. Re6 Rxg2 62. Rxe7+ Kb6 63. Re6+ Kb7 64. Kd5 Rd2+ 65.
Kc5 h4 66. Re7+ Kb8 67. Rh7 Rf2 68. Kb6 Kc8 69. Rh8+ Kd7 70. Rxh4 Rxf3 71. Kb7
Rf5 72. Rd4+ Ke7 73. Kc7 Ke6 74. Kc6 1-0

[Event "Liga Madrileña - DH 2011-2012"]
[Site "Madrid ESP"]
[Date "2011.11.27"]
[Round "3.46"]
[White "Collado Barbas, Laura"]
[Black "Bote Alvarez-Carrasco, Valentin"]
[Result "1/2-1/2"]
[WhiteElo "2078"]
[BlackElo "2160"]
[PlyCount "36"]
[EventDate "2011.11.13"]
[EventType "team"]
[EventRounds "14"]
[EventCountry "ESP"]
[Source "lmi"]
[SourceDate "2011.11.13"]
[WhiteTeam "La Casa del Ajedrez"]
[BlackTeam "Collado Villalba"]
[WhiteTeamCountry "ESP"]
[BlackTeamCountry "ESP"]

1. d4 Nf6 2. c4 e6 3. Nc3 Bb4 4. Qc2 O-O 5. e4 d5 6. e5 Ne4 7. Bd3 c5 8. cxd5
exd5 9. Nge2 Bf5 10. O-O Nc6 11. dxc5 Nxe5 12. Bxe4 dxe4 13. Nxe4 Qd3 14. Qxd3
Nxd3 15. Nd6 Bg4 16. Nf4 Nxc5 17. h3 Bc8 18. Nxc8 Raxc8 1/2-1/2

[Event "Liga Madrileña - DH 2011-2012"]
[Site "Madrid ESP"]
[Date "2011.12.04"]
[Round "4.11"]
[White "Arribas Lopez, Angel"]
[Black "Anton Guijarro, David"]
[Result "1/2-1/2"]
[WhiteElo "2487"]
[BlackElo "2469"]
[PlyCount "54"]
[EventDate "2011.11.13"]
[EventType "team"]
[EventRounds "14"]
[EventCountry "ESP"]
[Source "lmi"]
[SourceDate "2011.11.13"]
[WhiteTeam "Leganes"]
[BlackTeam "Virgen de Atocha"]
[WhiteTeamCountry "ESP"]
[BlackTeamCountry "ESP"]

1. Nf3 d5 2. e3 Nf6 3. c4 e6 4. b3 Be7 5. Bb2 O-O 6. Be2 b6 7. O-O Bb7 8. d3 c5
9. Nbd2 Nc6 10. cxd5 Nxd5 11. Nc4 Bf6 12. Qd2 Bxb2 13. Qxb2 Qf6 14. Qxf6 gxf6
15. Rfc1 Rfd8 16. a3 Kf8 17. g3 Rd7 18. Rab1 Rad8 19. Nfd2 Ke7 20. Ne4 f5 21.
Nc3 Ba6 22. Nxd5+ exd5 23. Nb2 Kd6 24. Nd1 Ne5 25. Nb2 Nc6 26. Nd1 Ne5 27. Nb2
Nc6 1/2-1/2

[Event "Liga Madrileña - DH 2011-2012"]
[Site "Madrid ESP"]
[Date "2011.12.04"]
[Round "4.12"]
[White "Almagro Llamas, Pablo"]
[Black "Prieto Martin, Alfonso"]
[Result "1-0"]
[WhiteElo "2461"]
[BlackElo "2158"]
[PlyCount "127"]
[EventDate "2011.11.13"]
[EventType "team"]
[EventRounds "14"]
[EventCountry "ESP"]
[Source "lmi"]
[SourceDate "2011.11.13"]
[WhiteTeam "Virgen de Atocha"]
[BlackTeam "Leganes"]
[WhiteTeamCountry "ESP"]
[BlackTeamCountry "ESP"]

1. c4 Nf6 2. g3 e5 3. Bg2 d5 4. cxd5 Nxd5 5. Nf3 Nc6 6. O-O Be7 7. d4 exd4 8.
Nxd4 Nxd4 9. Qxd4 Nf6 10. Qa4+ c6 11. Rd1 Qb6 12. Be3 Bc5 13. Bxc5 Qxc5 14. Nd2
O-O 15. Rac1 Qe7 16. e4 Bg4 17. Re1 Rfd8 18. Qc2 Qd7 19. Nc4 Qd3 20. e5 Qxc2
21. Rxc2 Nd7 22. f4 Be6 23. Nd6 Rab8 24. b4 a6 25. Kf2 Nb6 26. Ke3 f6 27. Rd2
fxe5 28. fxe5 Nc4+ 29. Nxc4 Bxc4 30. Red1 Rxd2 31. Rxd2 Be6 32. a4 Kf7 33. Be4
h6 34. Rd6 Ke7 35. Kd4 Rd8 36. Kc5 Rd7 37. a5 Rxd6 38. exd6+ Kd7 39. Bg6 Bg4
40. h4 Bh3 41. Kb6 Kxd6 42. Kxb7 Bf1 43. Kb6 Kd5 44. Bf7+ Kd6 45. Bg6 Kd5 46.
Bf5 Kc4 47. Kxc6 Kxb4 48. Kb6 Kc3 49. Bc8 Kd4 50. Bxa6 Bg2 51. Bc8 Bf1 52. h5
Ke3 53. g4 Kf4 54. a6 Bxa6 55. Kxa6 Kg5 56. Bf5 Kf6 57. Kb6 Ke5 58. Kc7 Kf6 59.
Kd6 Kf7 60. Ke5 Ke7 61. Bd3 Kf7 62. Kf5 Kg8 63. Kg6 Kf8 64. Bc4 1-0

[Event "Liga Madrileña - DH 2011-2012"]
[Site "Madrid ESP"]
[Date "2011.12.04"]
[Round "4.13"]
[White "Davicce Canada, Juan Antonio"]
[Black "Rabadan Velasco, Raul"]
[Result "0-1"]
[WhiteElo "2095"]
[BlackElo "2353"]
[PlyCount "150"]
[EventDate "2011.11.13"]
[EventType "team"]
[EventRounds "14"]
[EventCountry "ESP"]
[Source "lmi"]
[SourceDate "2011.11.13"]
[WhiteTeam "Leganes"]
[BlackTeam "Virgen de Atocha"]
[WhiteTeamCountry "ESP"]
[BlackTeamCountry "ESP"]

1. d4 d5 2. Nf3 Nc6 3. e3 Bg4 4. Be2 e6 5. O-O Bd6 6. c4 Nf6 7. Nc3 dxc4 8. Qa4
O-O 9. Qxc4 Qe7 10. e4 e5 11. d5 Nd4 12. Qd3 h6 13. h3 Bh5 14. Re1 c5 15. b3
Bg6 16. Bf1 a6 17. Bd2 b5 18. Rac1 b4 19. Na4 Nxd5 20. Nxd4 cxd4 21. Qg3 Nf6
22. Bd3 Rfc8 23. Nb6 Rxc1 24. Bxc1 Rb8 25. Nc4 Nd7 26. Nxd6 Qxd6 27. f4 Rc8 28.
f5 Bh7 29. Rf1 Kf8 30. Bc4 Nf6 31. Qf3 a5 32. Re1 Nd7 33. Qg4 Rc7 34. Rf1 Bg8
35. Qh5 Nf6 36. Qf3 Qc6 37. Re1 Nd7 38. Qg3 Qf6 39. Bd2 Nb6 40. Bd3 Qd6 41. Rf1
f6 42. Qe1 Ke8 43. Rf3 Nc8 44. Rg3 Qf8 45. Qe2 Nb6 46. Ba6 Rc5 47. Bb5+ Kd8 48.
Bd3 Rc7 49. Qe1 Bf7 50. Rf3 Bh5 51. g4 Bf7 52. Rf2 Nd7 53. Re2 Nc5 54. Qb1 Qd6
55. Re1 Qb6 56. Rc1 Be8 57. Kg2 Bb5 58. Bxb5 Qxb5 59. Rc4 Nb7 60. Rxc7 Qe2+ 61.
Kg3 Kxc7 62. Qc1+ Kd7 63. Kh4 Qd3 64. Qe1 Nd6 65. Bxb4 axb4 66. Qxb4 Qb5 67.
Qa3 d3 68. Qa7+ Qb7 69. Qa4+ Ke7 70. Qa5 Kd7 71. Qa4+ Kc8 72. Qa5 Nxe4 73. Qa4
Nc5 74. Qe8+ Kc7 75. Qe7+ Nd7 0-1

[Event "Liga Madrileña - DH 2011-2012"]
[Site "Madrid ESP"]
[Date "2011.12.04"]
[Round "4.14"]
[White "Rudolf, Anna"]
[Black "Lopez de Turiso, Jose Angel"]
[Result "1-0"]
[WhiteElo "2352"]
[BlackElo "2065"]
[PlyCount "47"]
[EventDate "2011.11.13"]
[EventType "team"]
[EventRounds "14"]
[EventCountry "ESP"]
[Source "lmi"]
[SourceDate "2011.11.13"]
[WhiteTeam "Virgen de Atocha"]
[BlackTeam "Leganes"]
[WhiteTeamCountry "ESP"]
[BlackTeamCountry "ESP"]

1. e4 e5 2. Nf3 Nc6 3. Bb5 a6 4. Ba4 d6 5. c3 f5 6. exf5 Bxf5 7. O-O Be7 8. Qe2
Nf6 9. d4 e4 10. Nh4 Bg4 11. f3 exf3 12. Nxf3 O-O 13. Nbd2 d5 14. Qd3 Bd6 15.
Bb3 b5 16. Ng5 g6 17. Nde4 Be7 18. Ng3 Na5 19. Bc2 Qe8 20. h3 Bd7 21. Bf4 Rc8
22. Rae1 Nb7 23. Be5 Kg7 24. Nh5+ 1-0

[Event "Liga Madrileña - DH 2011-2012"]
[Site "Madrid ESP"]
[Date "2011.12.04"]
[Round "4.15"]
[White "Nunez Gutierrez, Juan Carlos"]
[Black "Vazquez Torres, Adrian"]
[Result "0-1"]
[WhiteElo "2049"]
[BlackElo "2145"]
[PlyCount "136"]
[EventDate "2011.11.13"]
[EventType "team"]
[EventRounds "14"]
[EventCountry "ESP"]
[Source "lmi"]
[SourceDate "2011.11.13"]
[WhiteTeam "Leganes"]
[BlackTeam "Virgen de Atocha"]
[WhiteTeamCountry "ESP"]
[BlackTeamCountry "ESP"]

1. e4 c5 2. Nf3 e6 3. d3 Nc6 4. g3 d5 5. Nbd2 Nf6 6. Bg2 b6 7. O-O Bb7 8. Re1
Be7 9. c3 Qc7 10. Nf1 dxe4 11. dxe4 Rd8 12. Qc2 Ba6 13. c4 Nb4 14. Qe2 Nd3 15.
Rd1 Bxc4 16. b3 Ba6 17. Ne1 Nb4 18. Rxd8+ Qxd8 19. Qe3 Ng4 20. Qf4 Bf6 21. Rb1
Ne5 22. Qd2 Qxd2 23. Bxd2 Ned3 24. a3 Nc6 25. Ne3 Nd4 26. Nc4 Nxe1 27. Bxe1 O-O
28. e5 Be7 29. f4 Nxb3 30. Nxb6 axb6 31. Rxb3 Rb8 32. Bf2 Kf8 33. Be3 Bc4 34.
Rc3 Bd5 35. Bf1 Bc6 36. Bd3 g6 37. Kf2 h5 38. h3 Ra8 39. Rb3 Bd8 40. Rc3 Rb8
41. Bc4 Be7 42. Bd3 Rd8 43. h4 b5 44. Bxc5 Bxc5+ 45. Rxc5 Rxd3 46. Rxc6 Rxa3
47. Rb6 Rb3 48. Rb8+ Kg7 49. Rb7 b4 50. Kg2 Rb2+ 51. Kf3 Rb1 52. Rb8 b3 53. Ke2
b2 54. Kd2 Rg1 55. Rxb2 Rxg3 56. Rb4 Rg4 57. Ke3 Rxh4 58. Rb7 Rh3+ 59. Kf2 Ra3
60. Kg2 h4 61. Rb4 h3+ 62. Kf2 h2 63. Rb1 Kh6 64. Kg2 Ra2+ 65. Kg3 Kh5 66. Rb8
h1=N+ 67. Kf3 Rf2+ 68. Ke3 Kg4 0-1